[Event "AUTO-ADV-2982"]
[Site "http://www.queenalice.com/game.php?id=1225847"]
[Date "2013.10.19"]
[Round "1"]
[White "FFFABIO"]
[Black "ricardo10"]
[Result "0-1"]
[WhiteElo "1462"]
[BlackElo "1814"]

1. e4 e5 2. Be2 Nf6 3. d3 d5 4. Nd2 Be7 5. c3 O-O 6. Ngf3 dxe4 7. dxe4 Bd6 8. h3
Nbd7 9. b4 a6 10. a3 c5 11. Bb2 b5 12. bxc5 Bxc5 0-1

[Event "AUTO-ADV-2982"]
[Site "http://www.queenalice.com/game.php?id=1225848"]
[Date "2013.10.19"]
[Round "1"]
[White "ricardo10"]
[Black "FFFABIO"]
[Result "1-0"]
[WhiteElo "1816"]
[BlackElo "1460"]

1. e4 e5 2. Nf3 d6 3. h3 Be7 4. Nc3 c6 5. Bc4 h6 6. d3 Nf6 7. O-O b5 8. Bb3 a5
9. a3 c5 10. Ba2 b4 11. axb4 cxb4 12. Ne2 1-0

[Event "AUTO-ADV-2982"]
[Site "http://www.queenalice.com/game.php?id=1225861"]
[Date "2013.10.19"]
[Round "1"]
[White "rubenov"]
[Black "ricardo10"]
[Result "1-0"]
[WhiteElo "2006"]
[BlackElo "1865"]

1. d4 c6 2. e4 d5 3. e5 f6 4. exf6 Nxf6 5. Nc3 e6 6. a3 Bd6 7. Bg5 h6 8. Be3 O-O
9. Bd3 Qe7 10. Nf3 b6 11. Qd2 Nbd7 12. O-O Nb8 13. Ne5 Bb7 14. Ng6 Bxh2+ 15.
Kxh2 Ng4+ 16. Kg1 Qc7 17. Bf4 1-0

[Event "AUTO-ADV-2982"]
[Site "http://www.queenalice.com/game.php?id=1225862"]
[Date "2013.10.19"]
[Round "1"]
[White "ricardo10"]
[Black "rubenov"]
[Result "0-1"]
[WhiteElo "1855"]
[BlackElo "2016"]

1. e4 b6 2. g3 Bb7 3. Bg2 e5 4. d3 Nc6 5. Ne2 Nf6 6. O-O Be7 7. a3 O-O 8. b3 h6
9. c3 d6 10. Bb2 Bc8 11. a4 Bg4 12. Qd2 a5 13. f3 Be6 14. Qc2 Qd7 15. d4 exd4
16. cxd4 d5 0-1

[Event "AUTO-ADV-2982"]
[Site "http://www.queenalice.com/game.php?id=1225871"]
[Date "2013.10.19"]
[Round "1"]
[White "ricardo10"]
[Black "SMB51"]
[Result "0-1"]
[WhiteElo "1883"]
[BlackElo "1837"]

1. e4 e5 2. Nf3 Nc6 3. Bc4 h6 4. d3 Bb4+ 5. c3 Bc5 6. O-O d6 7. a4 Bg4 8. h3 Bh5
9. Nbd2 Qf6 10. b4 Nxb4 11. cxb4 Bd4 12. Rb1 Ne7 13. Qe1 Bxf3 14. Nxf3 Ng6 15.
Nxd4 exd4 16. Bb2 Nf4 0-1

[Event "AUTO-ADV-2982"]
[Site "http://www.queenalice.com/game.php?id=1225872"]
[Date "2013.10.19"]
[Round "1"]
[White "SMB51"]
[Black "ricardo10"]
[Result "1-0"]
[WhiteElo "1818"]
[BlackElo "1902"]

1. e4 e5 2. Nf3 d6 3. Bc4 h6 4. Nc3 c6 5. O-O Be7 6. d3 Nf6 7. h3 O-O 8. Nh4
Nxe4 9. Ng6 Re8 10. Bxf7+ Kxf7 11. Nxe7 Nxc3 12. Nxc6 Nxd1 13. Nxd8+ Rxd8 14.
Rxd1 Nc6 15. Be3 Kg8 16. f4 exf4 17. Bxf4 1-0

[Event "AUTO-ADV-2996"]
[Site "http://www.queenalice.com/game.php?id=1229981"]
[Date "2013.11.4"]
[Round "1"]
[White "Vinicius92"]
[Black "ricardo10"]
[Result "1-0"]
[WhiteElo "1926"]
[BlackElo "1818"]

1. e4 e5 2. Nf3 d6 3. d4 exd4 4. Nxd4 Nf6 5. Bg5 h6 6. Bh4 Be7 7. Nc3 c6 8. Bd3
Nxe4 9. Bxe7 Nxc3 10. Bxd8 Nxd1 11. Rxd1 Kxd8 12. O-O Re8 13. Bf5 Bxf5 14. Nxf5
Rg8 15. Rxd6+ Kc7 16. Re1 Nd7 17. Rd4 Rae8 18. Rxe8 Rxe8 19. Kf1 c5 20. Rd2 Rh8
21. Nxg7 Nf6 22. Nf5 b6 23. Re2 Rd8 24. g3 Rd1+ 25. Kg2 Ra1 26. Re7+ Kb8 27. a3
Rb1 28. b3 Rc1 29. Ne3 h5 30. Rxf7 Ng4 31. Nxg4 hxg4 32. c4 Rb1 33. Rf8+ Kb7 34.
Rg8 Rxb3 35. Rxg4 Rxa3 36. h4 Rd3 37. h5 a5 38. h6 Rd8 39. Rg7+ Ka6 40. Re7 a4
41. g4 a3 42. Re2 Ka5 43. g5 b5 44. cxb5 Kxb5 45. h7 Kb4 46. g6 Kb3 47. g7 a2
48. Rxa2 Kxa2 49. g8=Q+ Rxg8+ 50. hxg8=Q+ 1-0

[Event "AUTO-ADV-3079"]
[Site "http://www.queenalice.com/game.php?id=1257462"]
[Date "2014.2.17"]
[Round "1"]
[White "Abstro"]
[Black "ricardo10"]
[Result "1-0"]
[WhiteElo "1860"]
[BlackElo "1752"]

1. d4 d5 2. c4 dxc4 3. e4 Nc6 4. d5 Ne5 5. f4 Nd3+ 6. Bxd3 cxd3 7. Qxd3 e6 8.
Qb5+ Qd7 9. Qxd7+ Bxd7 10. dxe6 Bxe6 11. Be3 Be7 12. a3 Nf6 13. Nc3 c6 14. Nge2
O-O 15. h3 b6 16. Nd4 Bd7 17. O-O-O c5 18. Nf3 Bc6 19. Nd2 Rfe8 20. Rhg1 a6 21.
g4 Bd8 22. e5 Nd5 23. Nxd5 Bxd5 24. Nb1 Bb3 25. Rd7 Re7 26. Rd3 Bc4 27. Rc3 b5
28. Bxc5 Rd7 29. Bd6 Be7 30. Bxe7 Rxe7 31. Nd2 Bd5 32. Rc5 Bb7 33. f5 Rd7 34.
Re1 Rad8 35. Re2 h6 36. Rc2 Be4 37. Rxe4 1-0

[Event "AUTO-ADV-3079"]
[Site "http://www.queenalice.com/game.php?id=1257463"]
[Date "2014.2.17"]
[Round "1"]
[White "ricardo10"]
[Black "Abstro"]
[Result "0-1"]
[WhiteElo "1765"]
[BlackElo "1847"]

1. e4 e5 2. Nf3 Nc6 3. Bc4 h6 4. d3 a6 5. Nc3 Be7 6. a3 Nf6 7. Bd2 O-O 8. Nd5
Bc5 9. b4 Ba7 10. Ba2 d6 11. c3 Bg4 12. h3 Be6 13. Be3 Ne7 14. O-O Bxd5 15. exd5
Bxe3 16. fxe3 Nexd5 17. Bxd5 Nxd5 18. Qc1 f5 19. c4 Nf6 20. Qb2 Nh5 21. Qf2 f4
22. e4 Ng3 23. Rfd1 g5 24. Nh2 h5 25. Nf1 h4 26. Qf3 Qd7 27. Nxg3 hxg3 28. Qh5
Qg7 29. a4 Rf6 30. b5 Rh6 31. Qg4 Rf8 32. Rab1 a5 33. d4 exd4 34. Rb2 d3 35.
Rbd2 Kf7 0-1

[Event "AUTO-ADV-3079"]
[Site "http://www.queenalice.com/game.php?id=1257474"]
[Date "2014.2.17"]
[Round "1"]
[White "Warner"]
[Black "ricardo10"]
[Result "0-1"]
[WhiteElo "1842"]
[BlackElo "1818"]

1. d4 d5 2. c4 dxc4 3. Nc3 Nc6 4. e3 Bf5 5. Bxc4 e6 6. Nf3 Nf6 7. O-O h6 8. a3
a6 9. d5 exd5 10. Nxd5 Na5 11. Nxf6+ Qxf6 12. Ba2 Bd6 13. Qa4+ Nc6 14. b4 Qxa1
0-1

[Event "AUTO-ADV-3079"]
[Site "http://www.queenalice.com/game.php?id=1257475"]
[Date "2014.2.17"]
[Round "1"]
[White "ricardo10"]
[Black "Warner"]
[Result "0-1"]
[WhiteElo "1835"]
[BlackElo "1813"]

1. e4 e5 2. Nf3 d6 3. Bc4 Be7 4. h3 Nf6 5. d3 O-O 6. O-O Nc6 7. c3 a6 8. a3 Bd7
9. b4 Na7 10. Be3 b5 11. Ba2 Nc6 12. Nbd2 a5 13. Qc1 Qc8 14. g4 h5 15. g5 Bxh3
16. Re1 Qg4+ 0-1

[Event "AUTO-ADV-3079"]
[Site "http://www.queenalice.com/game.php?id=1257482"]
[Date "2014.2.17"]
[Round "1"]
[White "ricardo10"]
[Black "Philchess"]
[Result "1-0"]
[WhiteElo "1806"]
[BlackElo "1501"]

1. e4 c5 2. Nc3 e6 3. d4 cxd4 4. Qxd4 Nc6 5. Qd1 e5 6. Bc4 Nf6 7. Nge2 Bb4 8. a3
Bxc3+ 9. Nxc3 O-O 10. O-O d6 11. h3 h6 12. Nd5 Nxe4 13. Qe2 Ng5 14. Bxg5 Qxg5
15. Rad1 Rd8 16. f4 exf4 17. Nxf4 Ne5 18. Ba2 Bf5 19. Nd5 Rac8 20. Rxf5 Qxf5 21.
Ne7+ Kf8 22. Nxf5 f6 23. Rxd6 Rxd6 24. Nxd6 Rc7 25. Qh5 Rxc2 26. Qe8# 1-0

[Event "AUTO-ADV-3079"]
[Site "http://www.queenalice.com/game.php?id=1257483"]
[Date "2014.2.17"]
[Round "1"]
[White "Philchess"]
[Black "ricardo10"]
[Result "1-0"]
[WhiteElo "1512"]
[BlackElo "1810"]

1. Nc3 d5 2. d4 e6 3. Nf3 h6 4. e4 dxe4 5. Nxe4 Bd7 6. c3 Be7 7. Bd3 Nf6 8.
Nxf6+ Bxf6 9. O-O O-O 10. Re1 a6 11. a4 Qe8 12. Bf4 Nc6 13. Bxc7 Qc8 14. Bd6 Be7
15. Bxe7 Nxe7 16. Qe2 Rb8 17. Ne5 Be8 18. h3 Nc6 19. Nxc6 Bxc6 20. Be4 Qd7 21.
Bxc6 Qxc6 22. f3 Qc7 23. Qe5 Qb6 24. b4 Rbc8 25. Rac1 Qc6 26. b5 axb5 27. Qxb5
Qxb5 28. axb5 b6 29. f4 Ra8 30. Ra1 Rfc8 31. Rac1 Ra2 32. Re3 Rca8 33. Kh2 Rd2
34. Kg3 Raa2 35. Rg1 Rab2 36. c4 Rxd4 37. Rc3 Rdd2 38. h4 f5 39. h5 Rd8 40. Kf3
Rc8 41. Rgc1 Kf7 42. R1c2 Rb1 43. g3 Kf6 44. g4 g6 45. hxg6 Kxg6 46. gxf5+ Kxf5
47. Rh2 Rxb5 48. Rh5+ 1-0

[Event "AUTO-ADV-3111"]
[Site "http://www.queenalice.com/game.php?id=1268719"]
[Date "2014.3.28"]
[Round "1"]
[White "ricardo10"]
[Black "jgfmelo"]
[Result "0-1"]
[WhiteElo "1782"]
[BlackElo "1961"]

1. e4 e5 2. Nf3 d6 3. h3 Nf6 4. d3 Nc6 5. c3 d5 6. exd5 Qxd5 7. Be2 Be7 8. b3 b5
9. a4 b4 10. c4 Qc5 11. Be3 Qd6 12. O-O Nh5 13. Nxe5 Qxe5 14. Nd2 Nf4 15. Nf3
Nxe2+ 16. Qxe2 Qf6 17. Rfe1 O-O 18. Bg5 Qe6 19. Bxe7 Nxe7 20. Qc2 Qd6 21. Rad1
Qg6 22. Rxe7 Bxh3 23. g3 Bg4 0-1

[Event "AUTO-ADV-3111"]
[Site "http://www.queenalice.com/game.php?id=1268720"]
[Date "2014.3.28"]
[Round "1"]
[White "jgfmelo"]
[Black "ricardo10"]
[Result "1-0"]
[WhiteElo "1970"]
[BlackElo "1773"]

1. e4 e5 2. Nf3 d6 3. Nc3 c6 4. d4 exd4 5. Nxd4 Nf6 6. Bg5 Be7 7. Qd2 h6 8. Bxf6
Bxf6 9. Bc4 b5 10. Bb3 Ba6 11. Nf5 O-O 12. O-O-O Bxc3 13. Qxc3 Qf6 14. Qg3 Bc8
15. Rxd6 Qg5+ 16. Qxg5 hxg5 17. Ne7+ Kh8 18. Rhd1 Bb7 19. Rd8 Na6 20. Rxf8+ Rxf8
21. Rd7 Bc8 22. Nxc8 Rxc8 23. Rxf7 Nc7 24. c3 1-0